Zakiah Hanum : (Record no. 95078)
[ view plain ]
| 000 -LEADER | |
|---|---|
| fixed length control field | 01056nam a2200313 i 4500 |
| 001 - CONTROL NUMBER | |
| control field | C2-0289703 |
| 003 - CONTROL NUMBER IDENTIFIER | |
| control field | PPAK |
| 005 - DATE AND TIME OF LATEST TRANSACTION | |
| control field | 20230515125533.0 |
| 008 - FIXED-LENGTH DATA ELEMENTS--GENERAL INFORMATION | |
| fixed length control field | 080828s2006 my o|||f ||||| | dmay d |
| 020 ## - INTERNATIONAL STANDARD BOOK NUMBER | |
| International Standard Book Number | 9679121070 |
| Qualifying information | hardback |
| 040 ## - CATALOGING SOURCE | |
| Original cataloging agency | PPAK |
| Language of cataloging | eng |
| Transcribing agency | PPAK |
| Description conventions | rda |
| 082 04 - DEWEY DECIMAL CLASSIFICATION NUMBER | |
| Edition number | 23 |
| Classification number | 020.9595 |
| Edition number | 23 |
| Classification number | 923.509595 |
| 090 00 - LOCALLY ASSIGNED LC-TYPE CALL NUMBER (OCLC); LOCAL CALL NUMBER (RLIN) | |
| Classification number (OCLC) (R) ; Classification number, CALL (RLIN) (NR) | 020.9595 |
| Feature heading | SAM |
| Feature heading | KK |
| Classification number (OCLC) (R) ; Classification number, CALL (RLIN) (NR) | 020.9595 |
| Feature heading | SAM |
| Feature heading | KMI |
| Classification number (OCLC) (R) ; Classification number, CALL (RLIN) (NR) | 923.509595 |
| Feature heading | SAM |
| Feature heading | KWS |
| 100 0# - MAIN ENTRY--PERSONAL NAME | |
| Personal name | Samsiah Muhamad, |
| Relator term | author. |
| Titles and words associated with a name | Dr. |
| 245 10 - TITLE STATEMENT | |
| Title | Zakiah Hanum : |
| Remainder of title | SEIKHLAS BAKTI SELUHUR BUDI / |
| Statement of responsibility, etc. | Oleh Dr. Samsiah Muhamad |
| 264 #1 - PRODUCTION, PUBLICATION, DISTRIBUTION, MANUFACTURE, AND COPYRIGHT NOTICE | |
| Place of production, publication, distribution, manufacture | Kuala Lumpur : |
| Name of producer, publisher, distributor, manufacturer | Arkib Negara Malaysia, |
| Date of production, publication, distribution, manufacture, or copyright notice | 2006 |
| 300 ## - PHYSICAL DESCRIPTION | |
| Extent | xii, 243 pages : |
| Other physical details | colour photographs ; |
| Dimensions | 29 cm |
| 336 ## - CONTENT TYPE | |
| Source | rdacontent |
| Content type term | text |
| 337 ## - MEDIA TYPE | |
| Source | rdamedia |
| Media type term | unmediated |
| 338 ## - CARRIER TYPE | |
| Source | rdacarrier |
| Carrier type term | volume |
| 600 00 - SUBJECT ADDED ENTRY--PERSONAL NAME | |
| Personal name | Zakiah Hanum Hj. Abdul Hamid, |
| Titles and other words associated with a name | Datuk, $d 1937- |
| Form subdivision | Biography |
| 650 10 - SUBJECT ADDED ENTRY--TOPICAL TERM | |
| Topical term or geographic name entry element | Civil service |
| Form subdivision | Biography |
| Topical term or geographic name entry element | Public officers |
| Form subdivision | Biography |
| Topical term or geographic name entry element | Public administration |
| Form subdivision | Biography |
| 942 ## - ADDED ENTRY ELEMENTS (KOHA) | |
| Koha item type | Book |
| Source of classification or shelving scheme | Dewey Decimal Classification |
| Withdrawn | Not for loan | Current library | Shelving location | Date acquired | Full call number | Barcode | Date last seen | Koha item type | Total Checkouts |
|---|---|---|---|---|---|---|---|---|---|
| Not For Loan | Perpustakaan Alor Setar | Koleksi Prof. Dr. Muhammad Isa Othman | 16/06/2011 | KMI 020.9595 SAM | A00385343 | 09/05/2018 | Book | ||
| Not For Loan | Perpustakaan Alor Setar | Koleksi Kedah | 03/09/2008 | KK 020.9595 SAM | A00815611 | 09/05/2018 | Book | ||
| Not For Loan | Perpustakaan Alor Setar | Koleksi Wan Shamsudin | 11/06/2023 | KWS 020.9595 SAM | KWS000168 | 11/06/2023 | Book | ||
| Not For Loan | Perpustakaan Awam Sungai Petani | Koleksi Kedah | 03/09/2008 | KK 020.9595 SAM | A00815612 | 09/05/2018 | Book | ||
| Not For Loan | Perpustakaan Baling | Koleksi Kedah | 03/09/2008 | KK 020.9595 SAM | A00815618 | 09/05/2018 | Book | ||
| Not For Loan | Perpustakaan Jitra | Koleksi Kedah | 03/09/2008 | KK 020.9595 SAM | A00815613 | 09/05/2018 | Book | ||
| Not For Loan | Perpustakaan Kuala Nerang | Koleksi Kedah | 03/09/2008 | KK 020.9595 SAM | A00815620 | 09/05/2018 | Book | ||
| Not For Loan | Perpustakaan Kulim | Koleksi Kedah | 03/09/2008 | KK 020.9595 SAM | A00815615 | 09/05/2018 | Book | ||
| Not For Loan | Perpustakaan Langkawi | Koleksi Kedah | 03/09/2008 | KK 020.9595 SAM | A00815614 | 09/05/2018 | Book | ||
| Not For Loan | Perpustakaan Sik | Koleksi Kedah | 03/09/2008 | KK 020.9595 SAM | A00815617 | 09/05/2018 | Book | ||
| Not For Loan | Perpustakaan Yan | Koleksi Kedah | 03/09/2008 | KK 020.9595 SAM | A00815616 | 09/05/2018 | Book |